The psychology of character : (Record no. 29051)
[ view plain ]
| 000 -LEADER | |
|---|---|
| fixed length control field | 01235cam a2200325 4500 |
| 001 - CONTROL NUMBER | |
| control field | 29051 |
| 003 - CONTROL NUMBER IDENTIFIER | |
| rucl marc code | BD-RjUL |
| 005 - DATE AND TIME OF LATEST TRANSACTION | |
| control field | 20211209051350.0 |
| 008 - FIXED-LENGTH DATA ELEMENTS--GENERAL INFORMATION | |
| fixed length control field | 140402s1952 nyu b 001 0 eng d |
| 020 ## - INTERNATIONAL STANDARD BOOK NUMBER | |
| International Standard Book Number | 0405051603 |
| 035 ## - SYSTEM CONTROL NUMBER | |
| System control number | (BD-RjUL) 29136 |
| 040 ## - CATALOGING SOURCE | |
| Original cataloging agency | DLC |
| Transcribing agency | DLC |
| Modifying agency | DLC |
| -- | BD-RjUL |
| Language of cataloging | eng |
| 041 ## - LANGUAGE CODE | |
| Language code of text/sound track or separate title | eng |
| 060 ## - NATIONAL LIBRARY OF MEDICINE CALL NUMBER | |
| Classification number | BF818 R628p 1927F |
| 082 00 - DEWEY DECIMAL CLASSIFICATION NUMBER | |
| Classification number | 155.2 |
| Author mark and year | ROP 1952 |
| 100 1# - MAIN ENTRY--PERSONAL NAME | |
| Personal name | Roback, A. A. |
| Fuller form of name | (Abraham Aaron), |
| Dates associated with a name | 1890-1965. |
| 9 (RLIN) | 88745 |
| 245 14 - TITLE STATEMENT | |
| Title | The psychology of character : |
| Remainder of title | with a survey of personality in general / |
| Statement of responsibility, etc. | by A. A. Roback |
| 250 ## - EDITION STATEMENT | |
| Edition statement | 3rd ed. (rev. & enl.) |
| 260 ## - PUBLICATION, DISTRIBUTION, ETC. (IMPRINT) | |
| Place of publication, distribution, etc. | New York : |
| Name of publisher, distributor, etc. | Arno Press, |
| Date of publication, distribution, etc. | 1952. |
| 300 ## - PHYSICAL DESCRIPTION | |
| Pagination | xxiv, 747 p. ; |
| Size | 23 cm. |
| 490 ## - SERIES STATEMENT | |
| Series statement | International library of psychology, philosophy, and scientific method. |
| 500 ## - GENERAL NOTE | |
| General note | Reprint of the 1927 ed. published by Harcourt, Brace, New York, in series: International library of psychology, philosophy, and scientific method. |
| 504 ## - BIBLIOGRAPHY, ETC. NOTE | |
| Bibliography, etc | Includes bibliographical references. and Index |
| 650 #0 - SUBJECT ADDED ENTRY--TOPICAL TERM | |
| Topical term or geographic name as entry element | Character. |
| 9 (RLIN) | 88747 |
| Topical term or geographic name as entry element | Temperament. |
| 9 (RLIN) | 88748 |
| Topical term or geographic name as entry element | Personality. |
| 9 (RLIN) | 88749 |
| 830 #0 - SERIES ADDED ENTRY--UNIFORM TITLE | |
| Uniform title | International library of psychology, philosophy, and scientific method. |
| 942 ## - ADDED ENTRY ELEMENTS (KOHA) | |
| Source of classification or shelving scheme | Dewey Decimal Classification |
| Koha item type | Books |
| Lost status | Source of classification or shelving scheme | Damaged status | Not for loan | Collection code | Permanent Location | Current Location | Shelving location | Date acquired | Source of acquisition | Cost, normal purchase price | Total Checkouts | Full call number | Date last seen | Copy number | Koha item type |
|---|---|---|---|---|---|---|---|---|---|---|---|---|---|---|---|
| Dewey Decimal Classification | Non-fiction | Central Library, University of Rajshahi | Central Library, University of Rajshahi | 22/01/1965 | Zeitlinger | 50.00 | 155.2 ROP 1952 | 02/04/2014 | C-6 | Books | |||||
| Dewey Decimal Classification | Non-fiction | Central Library, University of Rajshahi | Central Library, University of Rajshahi | 22/01/1965 | Zeitlinger | 50.00 | 155.2 ROP 1952 | 02/04/2014 | C-3 | Books | |||||
| Dewey Decimal Classification | Non-fiction | Central Library, University of Rajshahi | Central Library, University of Rajshahi | 22/01/1965 | Zeitlinger | 50.00 | 155.2 ROP 1952 | 02/04/2014 | C-5 | Books | |||||
| Dewey Decimal Classification | Central Library, University of Rajshahi | Central Library, University of Rajshahi | 22/01/1965 | Zeitlinger | 50.00 | 155.2 ROP 1952 | 02/04/2014 | C-7 | Books | ||||||
| Dewey Decimal Classification | Non-fiction | Central Library, University of Rajshahi | Central Library, University of Rajshahi | 03/02/1955 | U.B. Rajshahi | 42.00 | 155.2 ROP 1952 | 02/04/2014 | C-2 | Books | |||||
| Dewey Decimal Classification | Non-fiction | Central Library, University of Rajshahi | Central Library, University of Rajshahi | 22/01/1965 | zeithinger | 50.00 | 155.2 ROP 1952 | 02/04/2014 | C-4 | Books | |||||
| Dewey Decimal Classification | Added to bundle | Central Library, University of Rajshahi | Central Library, University of Rajshahi | Reading Room | 10/09/1955 | B. H. Blackwell | 2.25 | 155.2 ROP 1952 | 06/04/2014 | C-1 | Books |